Čo znamená sedem miliárd

Komplexné štatistiky o obyvateľstve sveta sú v OSN k dispozícii od 50. rokov minulého storočia. Tri hlavné údaje udávajúce ďalšie smerovanie obyvateľstva: pôrodnosť, úmrtnosť a dĺžka života. Najväčší prírastok obyvateľstva v posledných desaťročiach v subsaharských a ázijských štátoch. Ekonomika a úm...

Descrizione completa

Salvato in:
Dettagli Bibliografici
Autore principale: Kokavcová, Lýdia
Natura: Capitolo di libro
Lingua:slovacco
Soggetti:
Tags: Aggiungi Tag
Nessun Tag, puoi essere il primo ad aggiungerne!!

MARC

LEADER 00000naa a2200000 4500
001 0143812
005 20231113071227.2
041 0 |a slo 
044 |a SK 
245 1 0 |a Čo znamená sedem miliárd  |c Lýdia Kokavcová 
520 |a Komplexné štatistiky o obyvateľstve sveta sú v OSN k dispozícii od 50. rokov minulého storočia. Tri hlavné údaje udávajúce ďalšie smerovanie obyvateľstva: pôrodnosť, úmrtnosť a dĺžka života. Najväčší prírastok obyvateľstva v posledných desaťročiach v subsaharských a ázijských štátoch. Ekonomika a úmrtnosť. Závery z výskumov. Najdlhšie žijú Japonci. 
610 2 0 |a demografia 
610 2 0 |a populácia 
610 2 0 |a obyvateľstvo 
610 2 0 |a svet 
610 2 0 |a štatistika 
610 2 0 |a výskum 
100 1 |a Kokavcová, Lýdia